000
00354 a2200169 4500
001
183308
020
_a
040
_c
Magnum
100
_a
Queiroz, Dinah Silveira de
240
1
0
_a
Floradas na serra
_l
por
245
1
0
_a
Floradas na serra
300
_a
362
0
_a
1981
440
1
_a
José Olympio
697
_a
LITERATURA GERAL
942
_c
BK
999
_c
183308
_d
183308